Inglés para el lugar de trabajo = English for the workplace (Registro nro. 7832)
[ vista simple ]
| 000 -LEADER | |
|---|---|
| fixed length control field | 00532nmm a22001457a 4500 |
| 005 - DATE AND TIME OF LATEST TRANSACTION | |
| control field | 20160311153036.0 |
| 008 - FIXED-LENGTH DATA ELEMENTS--GENERAL INFORMATION | |
| fixed length control field | 160311b xxu||||| |||| 00| | spa d |
| 020 ## - INTERNATIONAL STANDARD BOOK NUMBER | |
| ISBN | 9780764145193 |
| 041 ## - LANGUAGE CODE | |
| Language code of text/sound track or separate title | eng |
| 100 ## - AUTOR | |
| Autor | Harvey, William C. |
| 245 ## - TÍTULO | |
| Title | Inglés para el lugar de trabajo = English for the workplace |
| 260 ## - PUBLICATION, DISTRIBUTION, ETC. (IMPRINT) | |
| Place of publication | Estados Unidos |
| Name of publisher | Barron´s |
| Year of publication | 2011 |
| 300 ## - PHYSICAL DESCRIPTION | |
| Number of Pages | 1 CD-ROM |
| 942 ## - ADDED ENTRY ELEMENTS (KOHA) | |
| Koha item type | Disco Compacto |
No hay ítems disponibles.